| 000 | 01075nam a22001937a 4500 | ||
|---|---|---|---|
| 999 |
_c2088 _d2088 |
||
| 001 | 4165 | ||
| 003 | BD-DhUAP | ||
| 005 | 20210128093753.0 | ||
| 008 | 200219s1998 bg ||||| |||| 00| 0 ben d | ||
| 040 |
_aBD-DhUAP _bBen _cBD-DhUAP _dBD-DhUAP |
||
| 082 |
_223 _a378.95492 BIW |
||
| 245 |
_aবিশ্ববিদ্যালয় পর্যায়ে শিক্ষা পদ্ধতি : _bজাতীয় সেমিনার ১৯৯৭ / _c আনোয়ারউল্লাহ চৌধুরী কর্তৃক সংকলিত ও সম্পাদিত। |
||
| 260 |
_aঢাকা : _bবাংলাদেশ বিশ্ববিদ্যালয় মঞ্জুরি কমিশন, _c১৯৯৮। |
||
| 300 |
_a১০৭ পৃষ্ঠা ; _c২৫ সেমি.। |
||
| 650 |
_aHigher Education _zBangladesh. |
||
| 700 | _aচৌধুরী, আনোয়ারউল্লাহ। | ||
| 710 | _aবাংলাদেশ বিশ্ববিদ্যালয় মঞ্জুরি কমিশন। | ||
| 942 |
_2ddc _cBK |
||